Sporting prowess: The year of historic wins (Record no. 524534)
[ view plain ]
| 000 -LEADER | |
|---|---|
| fixed length control field | 00302nam a22001217a 4500 |
| 008 - FIXED-LENGTH DATA ELEMENTS--GENERAL INFORMATION | |
| fixed length control field | 231218b ||||| |||| 00| 0 eng d |
| 245 ## - TITLE STATEMENT | |
| Title | Sporting prowess: The year of historic wins |
| 260 ## - PUBLICATION, DISTRIBUTION, ETC. (IMPRINT) | |
| Place of publication, distribution, etc | Yojana |
| 300 ## - PHYSICAL DESCRIPTION | |
| Extent | 67(12), Dec, 2023: p.25-33 |
| 773 ## - HOST ITEM ENTRY | |
| Main entry heading | Yojana |
| 906 ## - LOCAL DATA ELEMENT F, LDF (RLIN) | |
| Subject DIP | SPORTS |
| 942 ## - ADDED ENTRY ELEMENTS (KOHA) | |
| Item type | Articles |
| Withdrawn status | Lost status | Source of classification or shelving scheme | Damaged status | Not for loan | Permanent location | Current location | Date acquired | Serial Enumeration / chronology | Barcode | Date last seen | Koha item type |
|---|---|---|---|---|---|---|---|---|---|---|---|
| Indian Institute of Public Administration | Indian Institute of Public Administration | 2023-12-18 | 67(12), Dec, 2023: p.25-33 | AR130360 | 2023-12-18 | Articles |
